000
00336nam a2200133 a 4500
005
20141022142002.0
008
120307s19uu xx 00 eng d
050
_a
CD
_b
P58 2005
100
_a
Pickar, Gloria
245
_a
Dosage calculations :
_b
user tutorial /
_c
Gloria Pickar.
250
_a
7th ed.
260
_c
2005.
942
_c
AVM
999
_c
276353
_d
276353